000 01801nam a2200541 i 4500
001 44956
003 KOSZ 005
005 20191008114848.0
008 040705s2004 pl a f f |000 0 pol
015 _aPB 2004/13574
020 _a8373351728
035 _a991024165559705066
035 _a(PL-WaBN)b16594393-48omnis_nlop
035 _ab16594393
035 _a(OCoLC)749322734
035 _a(PL)b0000001659439
035 _a(EXLNZ-48OMNIS_NETWORK)9910267431405606
040 _aWA N
_cWA N
_dKOSZ 005/HR
041 0 _apol
046 _k2004
080 _a669.1
080 _a621.74
080 _a(075.8)
100 1 _aCholewa, Mirosław
_eAutor
245 1 0 _aPodstawy procesów metalurgicznych /
_cMirosław Cholewa, Józef Gawroński, Marian Przybył.
260 _aGliwice :
_bWydaw. Politechniki Śląskiej,
_c2004.
300 _a199, [1] s. :
_brys., tab., wykr. ;
_c24 cm.
336 _2rdacontent
_aTekst
_btxt
337 _2rdamedia
_aBez urządzenia pośredniczącego
_bn
338 _2rdacarrier
_aWolumin
_bnc
380 _aKsiążki
380 _aPublikacje dydaktyczne
385 _aPoziom nauczania
_mSzkoły wyższe
388 _a2001-
504 _aBibliogr. s. 196-199.
650 7 _aSurówka hutnicza
_2DBN
658 _aInżynieria i technika
655 7 _aPodręczniki akademickie
_2DBN
650 7 _aOdlewnictwo
_2DBN
650 7 _aMetalurgia
650 7 _aStal
_2DBN
700 1 _aGawroński, Józef
_d(1933-2006)
_eAutor
700 1 _aPrzybył, Marian.
_eAutor
710 2 _aWydawnictwo Politechniki Śląskiej
_4pbl
856 _uhttp://koha.tu.koszalin.pl/cgi-bin/koha/opac-detail.pl?biblionumber=44956
_yKatalog online BPK
942 _2UKD
_cKS
999 _c44956
_d44956